| 000 | 00456nam a22001697a 4500 | ||
|---|---|---|---|
| 999 |
_c526604 _d526604 |
||
| 003 | NUST | ||
| 020 | _q(Hbk) | ||
| 038 | _aM. Shaban | ||
| 082 |
_a891.4911 _bSAL |
||
| 100 |
_aSaleem Kashar _917078 |
||
| 245 |
_aDardan da kheria motia / _cSaleem Kashar |
||
| 260 |
_aLahore : _bAziz Book Depot. _c1993. |
||
| 300 | _a168 p. ; | ||
| 880 |
_6100-01\r _aسلیم کاشر |
||
| 880 |
_6245-02\r _aدرداں دا کھِڑیا موتیا / |
||
| 942 |
_2ddc _cBK |
||